<?xml version="1.0" encoding="UTF-8"?>
<record
    xmlns:xsi="http://www.w3.org/2001/XMLSchema-instance"
    xsi:schemaLocation="http://www.loc.gov/MARC21/slim http://www.loc.gov/standards/marcxml/schema/MARC21slim.xsd"
    xmlns="http://www.loc.gov/MARC21/slim">

  <leader>02588nam a22002777a 4500</leader>
  <controlfield tag="003">NALT</controlfield>
  <controlfield tag="005">20260121155125.0</controlfield>
  <controlfield tag="008">250112b        th ||||| |||| 00| 0 tha d</controlfield>
  <datafield tag="020" ind1=" " ind2=" ">
    <subfield code="a">9786169126607</subfield>
  </datafield>
  <datafield tag="040" ind1=" " ind2=" ">
    <subfield code="a">NALT</subfield>
  </datafield>
  <datafield tag="041" ind1=" " ind2=" ">
    <subfield code="a">tha</subfield>
  </datafield>
  <datafield tag="050" ind1=" " ind2=" ">
    <subfield code="a">BQ 5495</subfield>
    <subfield code="b">&#xE01;594&#xE18; 2555</subfield>
  </datafield>
  <datafield tag="100" ind1="0" ind2=" ">
    <subfield code="9">55744</subfield>
    <subfield code="a">&#xE01;&#xE33;&#xE20;&#xE39; &#xE20;&#xE39;&#xE23;&#xE34;&#xE20;&#xE39;&#xE27;&#xE14;&#xE25;</subfield>
  </datafield>
  <datafield tag="245" ind1="1" ind2="0">
    <subfield code="a">&#xE18;&#xE23;&#xE23;&#xE21;&#xE30;&#xE21;&#xE2B;&#xE32;&#xE19;&#xE04;&#xE23; /</subfield>
    <subfield code="c">&#xE01;&#xE33;&#xE20;&#xE39; &#xE20;&#xE39;&#xE23;&#xE34;&#xE20;&#xE39;&#xE27;&#xE14;&#xE25;.</subfield>
  </datafield>
  <datafield tag="246" ind1="1" ind2="4">
    <subfield code="a">&#xE18;&#xE23;&#xE23;&#xE21;&#xE30;&#xE21;&#xE2B;&#xE32;&#xE19;&#xE04;&#xE23; &#xE41;&#xE1A;&#xE1A; &#xE01;&#xE33;&#xE20;&#xE39; &#xE20;&#xE39;&#xE23;&#xE34;&#xE20;&#xE39;&#xE27;&#xE14;&#xE25;.</subfield>
  </datafield>
  <datafield tag="250" ind1=" " ind2=" ">
    <subfield code="a">&#xE1E;&#xE34;&#xE21;&#xE1E;&#xE4C;&#xE04;&#xE23;&#xE31;&#xE49;&#xE07;&#xE17;&#xE35;&#xE48; 1.</subfield>
  </datafield>
  <datafield tag="260" ind1=" " ind2=" ">
    <subfield code="a">&#xE01;&#xE23;&#xE38;&#xE07;&#xE40;&#xE17;&#xE1E;&#xE2F; :</subfield>
    <subfield code="b">&#xE1A;&#xE49;&#xE32;&#xE19;&#xE2D;&#xE32;&#xE23;&#xE4C;&#xE41;&#xE2A;&#xE27;&#xE07; ;</subfield>
    <subfield code="c">2555.</subfield>
  </datafield>
  <datafield tag="300" ind1=" " ind2=" ">
    <subfield code="a">128 &#xE2B;&#xE19;&#xE49;&#xE32; :</subfield>
    <subfield code="b">&#xE20;&#xE32;&#xE1E;&#xE1B;&#xE23;&#xE30;&#xE01;&#xE2D;&#xE1A; ;</subfield>
    <subfield code="c">21 &#xE0B;&#xE21;.</subfield>
  </datafield>
  <datafield tag="505" ind1="0" ind2=" ">
    <subfield code="a">&#xE1A;&#xE01;.&#xE42;&#xE15;&#xE4A;&#xE30;&#xE1E;&#xE23;&#xE30; -- &#xE43;&#xE04;&#xE23;&#xE40;&#xE01;&#xE34;&#xE14;&#xE1B;&#xE35;&#xE0A;&#xE07;...&#xE42;&#xE1B;&#xE23;&#xE14;&#xE1F;&#xE31;&#xE07;&#xE17;&#xE32;&#xE07;&#xE19;&#xE35;&#xE49; -- &#xE2A;&#xE31;&#xE07;&#xE06;&#xE17;&#xE32;&#xE19;&#xE02;&#xE36;&#xE49;&#xE19;&#xE2A;&#xE21;&#xE2D;&#xE07; -- &#xE1A;&#xE38;&#xE0D;&#xE27;&#xE34;&#xE16;&#xE35;...&#xE16;&#xE19;&#xE19;&#xE2A;&#xE32;&#xE22;&#xE1A;&#xE38;&#xE0D;&#xE08;&#xE49;&#xE32; -- &#xE17;&#xE33;&#xE44;&#xE21;&#xE15;&#xE49;&#xE2D;&#xE07;...&#xE01;&#xE23;&#xE27;&#xE14;&#xE19;&#xE49;&#xE33; -- &#xE17;&#xE33;&#xE1A;&#xE38;&#xE0D;&#xE01;&#xE23;&#xE27;&#xE14;&#xE19;&#xE49;&#xE33;&#xE41;&#xE25;&#xE49;&#xE27;...&#xE0D;&#xE32;&#xE15;&#xE34;&#xE17;&#xE35;&#xE48;&#xE15;&#xE32;&#xE22;&#xE44;&#xE1B;&#xE44;&#xE14;&#xE49;&#xE23;&#xE31;&#xE1A; &#xE08;&#xE23;&#xE34;&#xE07;&#xE2B;&#xE23;&#xE37;&#xE2D;&#xE44;&#xE21;&#xE48;? -- &#xE40;&#xE23;&#xE37;&#xE48;&#xE2D;&#xE07;&#xE40;&#xE1B;&#xE23;&#xE15;&#xE0D;&#xE32;&#xE15;&#xE34;&#xE1E;&#xE23;&#xE30;&#xE40;&#xE08;&#xE49;&#xE32;&#xE1E;&#xE34;&#xE21;&#xE1E;&#xE34;&#xE2A;&#xE32;&#xE23; -- &#xE1A;&#xE38;&#xE0D;...&#xE14;&#xE34;&#xE25;&#xE34;&#xE40;&#xE27;&#xE2D;&#xE23;&#xE35; -- &#xE17;&#xE2D;&#xE14;&#xE1C;&#xE49;&#xE32;&#xE1B;&#xE48;&#xE32;...&#xE17;&#xE33;&#xE44;&#xE21;&#xE15;&#xE49;&#xE2D;&#xE07;&#xE1A;&#xE23;&#xE34;&#xE08;&#xE32;&#xE04;&#xE40;&#xE07;&#xE34;&#xE19;? -- &#xE18;&#xE23;&#xE23;&#xE21;&#xE17;&#xE35;&#xE48;&#xE21;&#xE35;&#xE2D;&#xE38;&#xE1B;&#xE01;&#xE32;&#xE23;&#xE04;&#xE38;&#xE13;&#xE2D;&#xE22;&#xE48;&#xE32;&#xE07;&#xE22;&#xE34;&#xE48;&#xE07; -- &#xE1E;&#xE23;&#xE30;...&#xE01;&#xE30;&#xE40;&#xE17;&#xE22;..&#xE1C;&#xE39;&#xE49;&#xE2B;&#xE0D;&#xE34;&#xE07; -- &#xE1E;&#xE23;&#xE30;&#xE15;&#xE38;&#xE4A;&#xE14;...&#xE40;&#xE13;&#xE23;&#xE41;&#xE15;&#xE4B;&#xE27;&#xE21;&#xE32;&#xE41;&#xE27;&#xE49;&#xE27; -- &#xE15;&#xE2D;...&#xE2D;&#xE30;&#xE44;&#xE23;&#xE2D;&#xE22;&#xE39;&#xE48;&#xE43;&#xE19;&#xE01;&#xE38;&#xE0F;&#xE34;&#xE1E;&#xE23;&#xE30; -- &#xE1E;&#xE23;&#xE30;&#xE14;&#xE39;&#xE2B;&#xE19;&#xE31;&#xE07;&#xE1F;&#xE31;&#xE07;&#xE40;&#xE1E;&#xE25;&#xE07;...&#xE44;&#xE14;&#xE49;&#xE1B;&#xE48;&#xE30; -- &#xE27;&#xE49;&#xE32;&#xE22;! &#xE1E;&#xE23;&#xE30;&#xE43;&#xE2A;&#xE48; &#xE01;&#xE01;&#xE19;. -- &#xE2D;&#xE38;&#xE49;&#xE22;&#xE15;&#xE32;&#xE22; &#xE27;&#xE49;&#xE32;&#xE22;! &#xE01;&#xE23;&#xE35;&#xE4A;&#xE14;!! &#xE1E;&#xE23;&#xE30;&#xE40;&#xE14;&#xE34;&#xE19;&#xE2B;&#xE49;&#xE32;&#xE07;&#xE2F; -- &#xE1E;&#xE23;&#xE30;&#xE22;&#xE37;&#xE19;&#xE1A;&#xE34;&#xE13;&#xE11;&#xE1A;&#xE32;&#xE15; -- &#xE25;&#xE39;&#xE01;&#xE19;&#xE34;&#xE21;&#xE34;&#xE15;...&#xE40;&#xE1B;&#xE47;&#xE19;&#xE25;&#xE39;&#xE01;&#xE43;&#xE04;&#xE23;...&#xE41;&#xE25;&#xE49;&#xE27;&#xE17;&#xE33;&#xE44;&#xE21;&#xE15;&#xE49;&#xE2D;&#xE07;&#xE1D;&#xE31;&#xE07; -- &#xE0B;&#xE37;&#xE49;&#xE2D;&#xE1E;&#xE23;&#xE30; &#xE40;&#xE0A;&#xE48;&#xE32;&#xE1E;&#xE23;&#xE30; &#xE1A;&#xE39;&#xE0A;&#xE32;&#xE1E;&#xE23;&#xE30; -- "&#xE40;&#xE13;&#xE23;&#xE19;&#xE49;&#xE2D;&#xE22;" &#xE01;&#xE31;&#xE1A; "&#xE41;&#xE21;&#xE27;" -- &#xE40;&#xE25;&#xE48;&#xE32;&#xE04;&#xE27;&#xE32;&#xE21;&#xE2B;&#xE25;&#xE31;&#xE07; "&#xE21;&#xE2B;&#xE32;&#xE01;&#xE33;&#xE20;&#xE39;" -- &#xE22;&#xE32;&#xE41;&#xE01;&#xE49;&#xE08;&#xE19;...&#xE2A;&#xE39;&#xE15;&#xE23;&#xE1E;&#xE23;&#xE30;&#xE1E;&#xE38;&#xE17;&#xE18;&#xE40;&#xE08;&#xE49;&#xE32;.</subfield>
  </datafield>
  <datafield tag="650" ind1=" " ind2="4">
    <subfield code="a">&#xE18;&#xE23;&#xE23;&#xE21;&#xE30; </subfield>
    <subfield code="9">18935</subfield>
  </datafield>
  <datafield tag="650" ind1=" " ind2="4">
    <subfield code="a">&#xE18;&#xE23;&#xE23;&#xE21;&#xE30;&#xE01;&#xE31;&#xE1A;&#xE0A;&#xE35;&#xE27;&#xE34;&#xE15;&#xE1B;&#xE23;&#xE30;&#xE08;&#xE33;&#xE27;&#xE31;&#xE19;</subfield>
    <subfield code="9">4420</subfield>
  </datafield>
  <datafield tag="650" ind1=" " ind2="4">
    <subfield code="a">&#xE18;&#xE23;&#xE23;&#xE21;&#xE30;</subfield>
    <subfield code="x">&#xE23;&#xE27;&#xE21;&#xE40;&#xE23;&#xE37;&#xE48;&#xE2D;&#xE07;</subfield>
    <subfield code="9">20309</subfield>
  </datafield>
  <datafield tag="850" ind1=" " ind2=" ">
    <subfield code="a">NALT</subfield>
  </datafield>
  <datafield tag="942" ind1=" " ind2=" ">
    <subfield code="2">lcc</subfield>
    <subfield code="c">GB</subfield>
  </datafield>
  <datafield tag="996" ind1=" " ind2=" ">
    <subfield code="a">phornvitoo</subfield>
    <subfield code="b">CATSTF	</subfield>
    <subfield code="c">2025-01-12</subfield>
  </datafield>
  <datafield tag="999" ind1=" " ind2=" ">
    <subfield code="c">98974</subfield>
    <subfield code="d">98974</subfield>
  </datafield>
  <datafield tag="998" ind1=" " ind2=" ">
    <subfield code="j">3099</subfield>
    <subfield code="k"> &#xE1E;&#xE23;&#xE27;&#xE34;&#xE17;&#xE39;  &#xE42;&#xE04;&#xE49;&#xE27;&#xE04;&#xE0A;&#xE32;&#xE20;&#xE23;&#xE13;&#xE4C;</subfield>
  </datafield>
  <datafield tag="952" ind1=" " ind2=" ">
    <subfield code="0">0</subfield>
    <subfield code="1">0</subfield>
    <subfield code="2">lcc</subfield>
    <subfield code="4">0</subfield>
    <subfield code="7">0</subfield>
    <subfield code="8">CSEN</subfield>
    <subfield code="a">NALT</subfield>
    <subfield code="b">NALT</subfield>
    <subfield code="c">GEN</subfield>
    <subfield code="d">2022-01-21</subfield>
    <subfield code="o">BQ 5495 &#xE01;594&#xE18; 2555</subfield>
    <subfield code="p">0100006046001</subfield>
    <subfield code="r">2022-01-21 00:00:00</subfield>
    <subfield code="w">2022-01-21</subfield>
    <subfield code="y">GB</subfield>
  </datafield>
</record>
